| 000 | 01010 a2200217 4500 | ||
|---|---|---|---|
| 003 | NUST | ||
| 005 | 20221116125840.0 | ||
| 010 | _a 94045255 | ||
| 020 | _a8181282299 | ||
| 040 | _cNust | ||
| 082 | 0 | 0 | _a512.94,BHA |
| 100 | 1 |
_aBhatia, Rajendra _9102680 |
|
| 245 | 1 | 0 |
_a Matrix analysis / _cRajendra Bhatia |
| 260 |
_a New York _b Springer _c2004 |
||
| 300 |
_axx, 347p. : _bill. ; _c23 cm. |
||
| 440 | 0 |
_aClassics in applied mathematics ; _v12 _9102681 |
|
| 505 | _aA Review of linear Algebra (Page-1), Memorization and Doubly Stochastic Matrices (Page-28), Variation Principles for Eigen values (Page-57), Symmetric Norms (Page-84), Operator Monotone and Operator Convex Functions (Page-112), Spectral Variation of Normal Matrices(Page-152), Perturbations of Spectral Sub spaces of Normal Matrices (Page-194), A Selection of Matrix Inequalities (Page-253), Perturbation of Matrix Functions (Page-289). | ||
| 650 | 0 | _aMathematical analysis. | |
| 650 | 0 |
_aMatrices. _92986 |
|
| 942 |
_2ddc _cBK _k512.94,BHA |
||
| 999 |
_c182301 _d182301 |
||